000 00481nam a22001817a 4500
001 BD-DhSAU 6029
003 BD-DhSAU
005 20150501124203.0
008 150501b1970 -uka|||| |||| 00| 0 eng d
040 _aBD-DhSAU
082 _222
_a631.3
_bTOA
245 _aAnnual reference books /
_cedited by T. Todd
260 _aLondon :
_bGeorge G. Harrap and co. ,
_cc1970.
300 _a492 p.:
_bill. ;
_c22 cm.
590 _aIMRAN
650 _a Reference books
700 _aTodd, T.
942 _2ddc
_cBOOK
999 _c6029
_d6029